000 00762nam a2200217 a 4500
001 000044364
005 20201002045324.0
008 140624s2010 dr a 000 p spa d
020 _a9789945163520
040 _aDO-SdBNP
_bspa
_cBNPHU
082 _aRD861.44
_bA197m
100 1 _aAdames, Julio
_933905
245 1 0 _aMonedas al aire :
_bpoesía infantil /
_cJulio Adames; ilustraciones Jasmín Rosario Almonte.
260 _aSanto Domingo :
_bBúho,
_c2010.
300 _a84 p. :
_bil. ;
_c22 cm.
500 _aIncluye datos biográficos del autor en las solapas.
650 4 _aPoesía infantil dominicana
_91187
650 4 _aLiteratura infantil dominicana
_9441
700 1 2 _aRosario Almonte, Jasmín
_eil.
_972373
910 _aValidado. Control de calidad MFF
999 _c43853
_d43853